|
|
|
|
| LEADER |
00000cam a2200000 a 4500 |
| 001 |
UCC3988 |
| 003 |
CL-VaPUC |
| 008 |
180629e20180000cl |||||||||||||||||spa|d |
| 020 |
|
|
|a 9789561024908
|
| 082 |
0 |
4 |
|a 346.8302
|b ABU
|2 21
|
| 100 |
0 |
|
|a Abuauad Dagach, Ricardo
|e author
|9 598118
|
| 245 |
1 |
0 |
|a Limitación de responsabilidad de la empresa naviera: constitución del fondo de limitación
|
| 250 |
|
|
|a 2a. ed
|
| 300 |
|
|
|a 169 p
|
| 942 |
|
|
|c BK
|
| 945 |
|
|
|d 20180629 12:42:00
|a dcastane
|
| 260 |
|
|
|a Santiago
|b Jurídica
|c 2018
|
| 650 |
|
0 |
|a Derecho comercial
|9 256340
|
| 650 |
|
0 |
|a Responsabilidad contractual
|9 256720
|
| 650 |
|
0 |
|a Empresas navieras
|9 399112
|
| 650 |
|
0 |
|a Derecho marítimo
|9 255301
|
| 650 |
|
0 |
|a Comercio marítimo
|9 352895
|
| 583 |
|
|
|a last modification
|c 20180629 12:42:00
|k Rodrigo Vera
|
| 999 |
|
|
|c 371621
|d 371619
|
| 952 |
|
|
|0 0
|1 0
|3 erb
|4 0
|6 346_830200000000000_ABU_2018
|7 0
|8 A
|9 488668
|a BIBDER
|b BIBDER
|i 5478383
|l 1
|o 346.8302 ABU 2018
|p 5478383
|r 2023-01-25
|s 2022-10-06
|w 2019-11-24
|y BK
|z Catalogado en:20180629
|k DER
|